000 00608nam a2200193 a 4500
001 000034676
003 DO-SdBNP
005 20250626112715.0
008 111018s19uu fr 000 0 spa d
040 _aDO-SdBNP
_bspa
_cBNPHU
049 _aBNGR
082 _axxxx
_bF363e
100 1 _aFernández y Cardin, Joaquín María
_960108
245 1 0 _aElementos de matemáticas :
_bálgebra /
_cJoaquín María Fernández y Cardín.
260 _aParís :
_bGarnier Hermanos, Libreros-Editores,
_c[s. f.].
300 _a227 p. ;
_c20 cm.
500 _aObra de texto para segunda enseñanza.
942 _2ddc
_cLBS1
999 _c34167
_d34167